| 000 | 00559nam a2200205 a 4500 | ||
|---|---|---|---|
| 005 | 20140310183328.0 | ||
| 008 | 060810s19uu xx 00 eng d | ||
| 020 | _a0071255095 | ||
| 050 |
_aP 90 _b.B284 2006 |
||
| 100 | _aBaran, Stanley J. | ||
| 245 |
_aIntroduction to Mass Communication: _bmedia literacy and culture. / |
||
| 250 | _a4th ed. | ||
| 260 |
_aBoston : _bMcGraw Hill, _c2006. |
||
| 300 |
_aI-17 523 p. : _bill. ; _c27 cm. |
||
| 521 | _aMC | ||
| 650 | _aMass Communication. | ||
| 942 |
_cBK _2lcc _kFOR |
||
| 999 |
_c21491 _d21491 |
||